| 000 | 00436nam a2200169Ia 4500 | ||
|---|---|---|---|
| 008 | 100312t2006 xxu||||| |||| 00| 0 sin d | ||
| 041 | _asin | ||
| 080 |
_aX8S31 _bGUN |
||
| 100 | _aGunasekara, Dhanapala | ||
| 245 | _aයොවුන් හපන්නැ | ||
| 246 | _aYovn Hapannu | ||
| 260 |
_bWijesuriya _aMulleriyava _c2006 |
||
| 300 | _a118p., 21 cm | ||
| 942 | _cBK | ||
| 999 |
_c72670 _d72670 |
||
| 003 | LK-CoDNM | ||
| 040 |
_aLK-CoDNM _dLK-CoDNM _eLK-CoDNM |
||